TARGET2 - nový cieľ Slovenska v oblasti platobných systémov

Vymedzenie a historický pohľad na vznik systému TARGET2. Právne aspekty systému TARGET2-SK.

Saved in:
Bibliographic Details
Main Author: Kopkáš, Branislav
Format: Book Chapter
Language:Slovak
Subjects:
Tags: Add Tag
No Tags, Be the first to tag this record!

MARC

LEADER 00000naa$a2200000$$$4500
001 0076781
005 20231116084642.5
041 0 |a slo 
044 |a SK 
245 1 0 |a TARGET2 - nový cieľ Slovenska v oblasti platobných systémov  |c Branislav Kopkáš 
520 |a Vymedzenie a historický pohľad na vznik systému TARGET2. Právne aspekty systému TARGET2-SK. 
610 2 0 |a Slovensko 
610 2 0 |a styk platobný 
610 2 0 |a styk platobný bezhotovostný 
610 2 0 |a história 
610 2 0 |a harmonizácia 
610 2 0 |a aproximácia práva 
610 2 0 |a bankovníctvo 
610 2 0 |a systémy informačné 
100 1 |a Kopkáš, Branislav